Random European Languages - Statistics

General Stats
  • This quiz has been taken 36 times
  • The average score is 11 of 15
Answer Stats
Hint Answer % Correct
Boulders lined the side of the road foretelling what could come next. English
100%
El sol se había puesto y también sus sueños. Spanish
100%
Μην πατάτε το σπασμένο τζάμι. Greek
94%
Je suis inquiet du fait que ma fille considère le vendeur de tapis local comme un modèle. French
90%
Beim Anblick der geriatrischen Herren-Softballmannschaft wurden Erinnerungen an Dreijährige beim T-Ball-Spielen wach. German
90%
De blinkende lys fra antennetårnet kom i fokus, lige da jeg hørte et højt knald. Danish
88%
O gerador de frases aleatórias gerou uma frase aleatória sobre uma frase aleatória. Portuguese
88%
Meidän täytyy vuokrata huone juhliimme. Finnish
86%
Winkelcentra zijn geweldige plekken om te winkelen; Ik kan alles wat ik nodig heb onder één dak vinden. Dutch
82%
Podczas przesadzania sadzonek kandyzowane imbryki ułatwią to zadanie. Polish
81%
Dobrým příkladem užitečné zeleniny je léčivá rebarbora. Czech
80%
Сигурно ягодите са единствената храна, която не върви добре с тази марка боя. Bulgarian
78%
Lo scheletro aveva i suoi scheletri nell'armadio. Italian
76%
Han sa att han inte var där igår; men många människor såg honom där. Swedish
76%
În acea clipă, totul s-a schimbat. Romanian
71%
A hajó mögötti nyom a múltról mesélt, míg a nyílt tenger az ismeretlen jövő életéről mesélt. Hungarian
70%
Pri presádzaní sadeníc vám prácu uľahčia kandizované čajníky. Slovak
68%
Tá an clog laistigh den bhlag seo agus an clog ar mo ríomhaire glúine 1 uair difriúil óna chéile. Irish
67%
Predstavljajte si njegovo presenečenje, ko je ugotovil, da je sef poln pudinga. Slovenian
57%
S jednim bacanjem novčića, njegov se život zauvijek promijenio. Croatian
50%
Ji pažvelgė į muziejuje kabantį šedevrą, bet ji galėjo pagalvoti tik apie tai, kad jos penkiametis galėtų pasirodyti geriau. Lithuanian
47%
Viņai bija riebums, ka viņš nevarēja atšķirt limonādi un limeādi. Latvian
33%
Ma jimpurtax kemm kienet sabiħa nżul ix-xemx, iddejjaqha meta kienet taf li kienet jum akbar. Maltese
33%
Armastus ei ole nagu pitsa. Estonian
14%
No matching quizzes found
Score Distribution
Percent of People with Each Score
Percentile by Number Answered
Your Score History
You have not taken this quiz